<?xml version="1.0" encoding="UTF-8"?>
<record
    xmlns:xsi="http://www.w3.org/2001/XMLSchema-instance"
    xsi:schemaLocation="http://www.loc.gov/MARC21/slim http://www.loc.gov/standards/marcxml/schema/MARC21slim.xsd"
    xmlns="http://www.loc.gov/MARC21/slim">

  <leader>03605cam a22004335i 4500</leader>
  <datafield tag="999" ind1=" " ind2=" ">
    <subfield code="c">79375</subfield>
    <subfield code="d">316652</subfield>
  </datafield>
  <controlfield tag="001">21580415</controlfield>
  <controlfield tag="003">OSt</controlfield>
  <controlfield tag="005">20210302113310.0</controlfield>
  <controlfield tag="006">m    |o  d |      </controlfield>
  <controlfield tag="007">cr |||||||||||</controlfield>
  <controlfield tag="008">130508s2013    xxk|||| o    |||| 0|eng  </controlfield>
  <datafield tag="010" ind1=" " ind2=" ">
    <subfield code="a">  2019736593</subfield>
  </datafield>
  <datafield tag="020" ind1=" " ind2=" ">
    <subfield code="a">9781848829190</subfield>
  </datafield>
  <datafield tag="024" ind1="7" ind2=" ">
    <subfield code="a">10.1007/978-1-84882-919-0</subfield>
    <subfield code="2">doi</subfield>
  </datafield>
  <datafield tag="035" ind1=" " ind2=" ">
    <subfield code="a">(DE-He213)978-1-84882-919-0</subfield>
  </datafield>
  <datafield tag="040" ind1=" " ind2=" ">
    <subfield code="a">DLC</subfield>
    <subfield code="b">eng</subfield>
    <subfield code="e">pn</subfield>
    <subfield code="e">rda</subfield>
    <subfield code="c">DLC</subfield>
  </datafield>
  <datafield tag="072" ind1=" " ind2="7">
    <subfield code="a">COM012000</subfield>
    <subfield code="2">bisacsh</subfield>
  </datafield>
  <datafield tag="072" ind1=" " ind2="7">
    <subfield code="a">UYQV</subfield>
    <subfield code="2">thema</subfield>
  </datafield>
  <datafield tag="072" ind1=" " ind2="7">
    <subfield code="a">UYT</subfield>
    <subfield code="2">bicssc</subfield>
  </datafield>
  <datafield tag="072" ind1=" " ind2="7">
    <subfield code="a">UYT</subfield>
    <subfield code="2">thema</subfield>
  </datafield>
  <datafield tag="082" ind1="0" ind2="4">
    <subfield code="a">006.6</subfield>
    <subfield code="2">23</subfield>
    <subfield code="b">BWP</subfield>
  </datafield>
  <datafield tag="100" ind1="1" ind2=" ">
    <subfield code="a">Burger, Wilhelm.</subfield>
    <subfield code="e">author.</subfield>
    <subfield code="9">39785</subfield>
  </datafield>
  <datafield tag="245" ind1="1" ind2="0">
    <subfield code="a">Principles of Digital Image Processing :</subfield>
    <subfield code="b">Advanced Methods /</subfield>
    <subfield code="c">by Wilhelm Burger, Mark J. Burge.</subfield>
  </datafield>
  <datafield tag="250" ind1=" " ind2=" ">
    <subfield code="a">1st ed. 2013.</subfield>
  </datafield>
  <datafield tag="264" ind1=" " ind2="1">
    <subfield code="a">London :</subfield>
    <subfield code="b">Springer London :</subfield>
    <subfield code="b">Imprint: Springer,</subfield>
    <subfield code="c">2013.</subfield>
  </datafield>
  <datafield tag="300" ind1=" " ind2=" ">
    <subfield code="a">1 online resource (XIII, 369 pages 131 illustrations, 112 illustrations in color.)</subfield>
  </datafield>
  <datafield tag="490" ind1="1" ind2=" ">
    <subfield code="a">Undergraduate Topics in Computer Science,</subfield>
    <subfield code="x">1863-7310</subfield>
  </datafield>
  <datafield tag="505" ind1="0" ind2=" ">
    <subfield code="a">Introduction -- Automatic Thresholding -- Filters for Color Images -- Edge Detection in Color Images -- Edge-Preserving Smoothing Filters -- Fourier Shape Descriptors -- SIFT-Scale-Invariant Local Features -- Mathematical Symbols and Notation -- Vector Algebra and Calculus -- Statistical Prerequisites -- Gaussian Filters -- Color Space Transformations.</subfield>
  </datafield>
  <datafield tag="520" ind1=" " ind2=" ">
    <subfield code="a">This easy-to-follow textbook is the third of three volumes which provide a modern, algorithmic introduction to digital image processing, designed to be used both by learners desiring a firm foundation on which to build, and practitioners in search of critical analysis and concrete implementations of the most important techniques. This volume builds upon the introductory material presented in the first two volumes (Fundamental Techniques and Core Algorithms) with additional key concepts and methods in image processing. Features and topics: Practical examples and carefully constructed chapter-ending exercises drawn from the authors' years of experience teaching this material Real implementations, concise mathematical notation, and precise algorithmic descriptions designed for programmers and practitioners Easily adaptable Java code and completely worked-out examples for easy inclusion in existing (and rapid prototyping of new) applications Uses ImageJ, the image processing system developed, maintained, and freely distributed by the U.S. National Institutes of Health (NIH) Provides a supplementary website with the complete Java source code, test images, and corrections-www.imagingbook.com Additional presentation tools for instructors including a complete set of figures, tables, and mathematical elements This thorough, reader-friendly text will equip undergraduates with a deeper understanding of the topic and will be invaluable for further developing knowledge via self-study. Wilhelm Burger, Ph.D., is the director of the Digital Media degree programs at the Upper Austria University of Applied Sciences at Hagenberg. Mark J. Burge, Ph.D., is a senior principal at MITRE in Washington, D.C.</subfield>
  </datafield>
  <datafield tag="650" ind1=" " ind2="0">
    <subfield code="a">Optical data processing.</subfield>
    <subfield code="9">88185</subfield>
  </datafield>
  <datafield tag="650" ind1="1" ind2="4">
    <subfield code="a">Image Processing and Computer Vision.</subfield>
    <subfield code="9">88186</subfield>
  </datafield>
  <datafield tag="700" ind1="1" ind2=" ">
    <subfield code="a">Burge, Mark J.</subfield>
    <subfield code="e">author.</subfield>
    <subfield code="9">88187</subfield>
  </datafield>
  <datafield tag="776" ind1="0" ind2="8">
    <subfield code="i">Print version:</subfield>
    <subfield code="t">Principles of digital image processing</subfield>
    <subfield code="z">9781848829183</subfield>
    <subfield code="w">(DLC)  2013938415</subfield>
  </datafield>
  <datafield tag="776" ind1="0" ind2="8">
    <subfield code="i">Printed edition:</subfield>
    <subfield code="z">9781848829183</subfield>
  </datafield>
  <datafield tag="776" ind1="0" ind2="8">
    <subfield code="i">Printed edition:</subfield>
    <subfield code="z">9781848829206</subfield>
  </datafield>
  <datafield tag="830" ind1=" " ind2="0">
    <subfield code="a">Undergraduate Topics in Computer Science,</subfield>
    <subfield code="9">40398</subfield>
  </datafield>
  <datafield tag="906" ind1=" " ind2=" ">
    <subfield code="a">0</subfield>
    <subfield code="b">ibc</subfield>
    <subfield code="c">origres</subfield>
    <subfield code="d">u</subfield>
    <subfield code="e">ncip</subfield>
    <subfield code="f">20</subfield>
    <subfield code="g">y-gencatlg</subfield>
  </datafield>
  <datafield tag="942" ind1=" " ind2=" ">
    <subfield code="2">ddc</subfield>
    <subfield code="c">BOOK</subfield>
  </datafield>
  <datafield tag="952" ind1=" " ind2=" ">
    <subfield code="1">0</subfield>
    <subfield code="2">2021-03-02</subfield>
    <subfield code="4">0</subfield>
    <subfield code="7">0</subfield>
    <subfield code="a">006.6 BWP</subfield>
    <subfield code="d">2021-03-02</subfield>
    <subfield code="h">CL</subfield>
    <subfield code="i">00167020</subfield>
    <subfield code="m">CL</subfield>
    <subfield code="r">2021-03-02 00:00:00</subfield>
    <subfield code="t">BOOK</subfield>
    <subfield code="w">ddc</subfield>
    <subfield code="y">0</subfield>
  </datafield>
  <datafield tag="952" ind1=" " ind2=" ">
    <subfield code="1">0</subfield>
    <subfield code="2">2021-03-02</subfield>
    <subfield code="4">0</subfield>
    <subfield code="7">0</subfield>
    <subfield code="a">006.6 BWP</subfield>
    <subfield code="d">2021-03-02</subfield>
    <subfield code="h">CL</subfield>
    <subfield code="i">00167021</subfield>
    <subfield code="m">CL</subfield>
    <subfield code="r">2021-03-02 00:00:00</subfield>
    <subfield code="t">BOOK</subfield>
    <subfield code="w">ddc</subfield>
    <subfield code="y">0</subfield>
  </datafield>
  <datafield tag="952" ind1=" " ind2=" ">
    <subfield code="1">0</subfield>
    <subfield code="2">2021-03-02</subfield>
    <subfield code="4">0</subfield>
    <subfield code="7">0</subfield>
    <subfield code="a">006.6 BWP</subfield>
    <subfield code="d">2021-03-02</subfield>
    <subfield code="h">IC</subfield>
    <subfield code="i">00167022</subfield>
    <subfield code="m">IC</subfield>
    <subfield code="r">2021-03-02 00:00:00</subfield>
    <subfield code="t">BOOK</subfield>
    <subfield code="w">ddc</subfield>
    <subfield code="y">0</subfield>
  </datafield>
  <datafield tag="952" ind1=" " ind2=" ">
    <subfield code="1">0</subfield>
    <subfield code="2">2021-03-02</subfield>
    <subfield code="4">0</subfield>
    <subfield code="7">0</subfield>
    <subfield code="a">006.6 BWP</subfield>
    <subfield code="d">2021-03-02</subfield>
    <subfield code="h">SZM</subfield>
    <subfield code="i">00167023</subfield>
    <subfield code="m">SZM</subfield>
    <subfield code="r">2021-03-02 00:00:00</subfield>
    <subfield code="t">BOOK</subfield>
    <subfield code="w">ddc</subfield>
    <subfield code="y">0</subfield>
  </datafield>
  <datafield tag="952" ind1=" " ind2=" ">
    <subfield code="1">0</subfield>
    <subfield code="2">2021-03-02</subfield>
    <subfield code="4">0</subfield>
    <subfield code="7">0</subfield>
    <subfield code="a">006.6 BWP</subfield>
    <subfield code="d">2021-03-02</subfield>
    <subfield code="h">SZM</subfield>
    <subfield code="i">00167024</subfield>
    <subfield code="m">SZM</subfield>
    <subfield code="r">2021-03-02 00:00:00</subfield>
    <subfield code="t">BOOK</subfield>
    <subfield code="w">ddc</subfield>
    <subfield code="y">0</subfield>
  </datafield>
  <datafield tag="952" ind1=" " ind2=" ">
    <subfield code="1">0</subfield>
    <subfield code="2">2021-03-02</subfield>
    <subfield code="4">0</subfield>
    <subfield code="7">0</subfield>
    <subfield code="a">006.6 BWP</subfield>
    <subfield code="d">2021-03-02</subfield>
    <subfield code="h">IC</subfield>
    <subfield code="i">00167025</subfield>
    <subfield code="m">IC</subfield>
    <subfield code="r">2021-03-02 00:00:00</subfield>
    <subfield code="t">BOOK</subfield>
    <subfield code="w">ddc</subfield>
    <subfield code="y">0</subfield>
  </datafield>
</record>
